000 00355nam a2200157Ia 4500
003 OSt
005 20231221094230.0
008 170524s9999 xx 000 0 und d
020 _a0195686225
040 _cIIMT
100 _aLathi BP
245 0 _aModern Digital and Analog Communication System
260 _bOxford
260 _c2008
942 _2ddc
_c02
999 _c4786
_d4786